Dierennamen Mannetje, vrouwtje, jong - Statistieken

Algemene statistieken
  • Deze quiz is 282 keer genomen
    115 sinds de laatste reset
  • De gemiddelde score is 22 van 36
Antwoordstatistieken
Hint Antwoord % Correct
Kip Haan
89%
Veulen
89%
Hen
88%
Kalf
87%
Kalf
87%
Kalf
87%
Koe
87%
Kuiken
87%
Big
84%
Rund Stier
84%
Kat Kater
83%
Lam
82%
Lam
82%
PupPuppie
Welp
82%
merrie
79%
Paard Hengst
78%
Kitten
78%
Poes
71%
Schaap Ram
67%
Hond ReuRekel
67%
Teef
64%
Geit Bok
63%
Hert Bok
63%
Zeug
63%
Varken Beer
50%
Ooi
49%
Eend
43%
GeitReegeit Rekke
39%
Haas Rammelaar
29%
Hinde
20%
Eend Woerd
17%
Ree BokReebok
14%
VoedsterVooi Moerhaas
4%
Sik
3%
Pulsterling
1%
PijltjesPieltjes Pullekes Pulletjes
0%
Geen overeenkomende quizzen gevonden
Scoreverdeling
Procent van Mensen met Elke Score
Percentiel versus Aantal Correcte Antwoorden
Uw Scoregeschiedenis
U heeft deze quiz nog niet genomen sinds de laatste reset